| 000 | 00679nam a2200181Ia 4500 | ||
|---|---|---|---|
| 008 | 100921s9999 xx 000 0 und d | ||
| 082 |
_b22519 _a891.462 थ 74 |
||
| 100 | _aजावडेकर मुरलीधर. | ||
| 245 | _aप्रीती मिळेल का हो ?. | ||
| 260 |
_bपुणे विद्यार्थीगृह प्रकाशन,पुणे. _c1974 |
||
| 300 |
_a68 _b--- |
||
| 365 | _b6 | ||
| 520 | _aललित-नाटके. | ||
| 630 | _aप्रीती मिळेल का हो ?. | ||
| 650 | _aललित-नाटके. | ||
| 730 | _aप्रीती मिळेल का हो ?. | ||
| 942 | _cBOOK | ||
| 999 |
_c771632 _d771629 |
||